| 000 | 00515nam a2200157 a 4500 | ||
|---|---|---|---|
| 001 | 000006596 | ||
| 005 | 20200929153946.0 | ||
| 008 | 090901s1999 dr a r 000 0 spa d | ||
| 040 |
_aDO-SdBNP _bspa _cBNPHU |
||
| 082 |
_axxx _bV648c |
||
| 100 | 1 |
_aFéliz Vidal, Octavio _918303 |
|
| 245 | 1 | 0 |
_aCómo controlar los pensamientos / _cOctavio Féliz Vidal ; prólogo Alejandro Arvelo. |
| 260 |
_aSanto Domingo. : _bCIEMPS Editorial., _c1999. |
||
| 300 |
_a132 p. : _bil ; _c21 cm. |
||
| 700 | 1 |
_aArvelo, Alejandro, _epról. _9147 |
|
| 999 |
_c6387 _d6387 |
||